logo

Bir Sreshtho Munshi Abdur Rouf Library
Jhenaidah Cadet College

A history of Russia / (Record no. 6716)

MARC details
000 -LEADER
fixed length control field 00627nam a2200253 a 4500
001 - CONTROL NUMBER
JCCL Control Number 6716
003 - CONTROL NUMBER IDENTIFIER
JCCL marc code BD-JhCC
005 - DATE AND TIME OF LATEST TRANSACTION
control field 20180128185209.0
008 - FIXED-LENGTH DATA ELEMENTS--GENERAL INFORMATION
fixed length control field 180128s1960 nyu 001 0 eng d
035 ## - SYSTEM CONTROL NUMBER
system control number (BD-JhCC)6716
035 ## - SYSTEM CONTROL NUMBER
system control number 1002610
040 ## - CATALOGING SOURCE
Original cataloging agency BD-JhCC
Transcribing agency ANL
Modifying agency BD-JhCC
041 ## - LANGUAGE CODE
Language code of Book eng
082 04 - DEWEY DECIMAL CLASSIFICATION NUMBER
Classification number 947
DDC Edition number 19
Author mark and Year LAW 1962
100 1# - MAIN ENTRY--PERSONAL NAME
Personal name Lawrence, John.
245 12 - TITLE STATEMENT
Title A history of Russia /
Statement of responsibility, etc John Lawrence.
260 ## - PUBLICATION, DISTRIBUTION, ETC. (IMPRINT)
Place of publication, distribution, etc New York :
Name of publisher, distributor, etc Farrar,
Date of publication, distribution, etc [1960].
300 ## - PHYSICAL DESCRIPTION
Pagination 320 p. :.
Dimensions 20 cm
504 ## - BIBLIOGRAPHY, ETC. NOTE
Bibliography, etc Includes Index
650 ## - SUBJECT ADDED ENTRY--TOPICAL TERM
Topical term or geographic name as entry element Russia
651 #0 - SUBJECT ADDED ENTRY--GEOGRAPHIC NAME
Geographic name Soviet Union
General subdivision History.
942 ## - ADDED ENTRY ELEMENTS (KOHA)
Source of classification or shelving scheme Dewey Decimal Classification
Koha item type Books
Holdings
Source of classification or shelving scheme Damaged status Not for loan Home library Current library Shelving location Total Checkouts Full call number Barcode Date last seen Copy number Koha item type
Dewey Decimal Classification     JCC Rouf Library JCC Rouf Library General Stacks   947 LAW 1962 9254 01/28/2018 C - 1 Books

JCC Library | Contacts | JCC Home

Last Update on 23 September 2017
Copyright @ 2017-2020 JCC Rouf Library
Rouf Library, Jhenidah Cadet College (JCC), Bangladesh